Voprosy teorii sintaksisa : na osnove sopostavlenija kitajskogo i russkogo jazykov /

Uložené v:
Podrobná bibliografia
Hlavný autor: Šutova, Jevgenija Il´jinična (Author)
Médium: Kniha
Jazyk:Russian
Chinese
Vydané: Moskva : Nauka, 1984.
Vydanie:1. izd.
ISBN: (brož.)
Fyzický popis: 260 s.
Tagy: Pridať tag
Žiadne tagy, Buďte prvý kto otaguje tento záznam!

MARC

LEADER 00000nam a2200000 a 4500
001 000407621
005 20121026172543.0
008 990305s1984 ru e rus d
020 |a (brož.)  |c Kčs 29,00 
040 |a SVKKK  |b slo  |c SVKKK  |e AACR2 
041 0 |a rus  |a chi 
044 |a ru  |c RU 
100 1 |a Šutova, Jevgenija Il´jinična  |4 aut 
245 1 0 |a Voprosy teorii sintaksisa :  |b na osnove sopostavlenija kitajskogo i russkogo jazykov /  |c Jevgenija I. Šutova. 
250 |a 1. izd. 
260 |a Moskva :  |b Nauka,  |c 1984. 
300 |a 260 s. 
910 |a svkkk 
998 |a BK 
090 |g SCKHL  |k Sklad Pribinova 2. posch.  |a III.126192  |j 707674  |i B269237  |4 Zastaraná  |s Vyradená